[Event "Moscow Aeroflot op"]
[Site "Moscow"]
[Date "2002.02.05"]
[Round "1"]
[White "Shabanov, Yuri"]
[Black "Minasian, Artashes"]
[Result "0-1"]
[WhiteElo "2463"]
[BlackElo "2576"]
[Annotator "Dautov,R"]
[PlyCount "80"]
[EventDate "2002.02.04"]
[EventType "swiss"]
[EventRounds "9"]
[EventCountry "RUS"]
[SourceTitle "CBM 088"]
[Source "ChessBase"]
[SourceDate "2002.03.21"]
[SourceVersion "1"]
[SourceVersionDate "2002.03.21"]
[SourceQuality "1"]

1. e4 Nc6 2. Nf3 d6 3. d4 Nf6 4. Nc3 Bg4 5. Be2 ({Eine gute Alternative zum
Textzug ist} 5. Be3 e6 6. h3 Bh5 7. d5 $1 Ne7 (7... exd5 8. exd5 Bxf3 9. Qxf3
Ne5 10. Qe2 a6 11. f4 Ned7 12. g4 Qe7 13. O-O-O O-O-O {Shchekachev,A-Okhotnik,
V/Linares 1999} 14. Qf3 $1 $16) 8. Bb5+ c6 9. dxc6 Nxc6 $14 (9... bxc6 $2 10.
Ba4 Qc7 11. Qe2 Nd7 12. g4 Bg6 13. O-O-O e5 14. Nh4 Nc8 15. Qc4 $16 {Apicella,
M-David,A/Linares (zt) 1995})) 5... e6 6. O-O {Weiß entwickelt sich
anspruchslos. Energischer war 6.d5.} (6. d5 $1 {Dieser typische raumgreifende
Vorstoß verhilft Weiß zum Läuferpaar.} exd5 7. exd5 Bxf3 8. Bxf3 Ne5 9. Be2 Be7
10. Be3 O-O 11. f4 Ned7 12. Qd2 Nc5 13. Bf3 Qd7 14. O-O-O Rae8 15. Bd4 Bd8 16.
Rhe1 Rxe1 17. Rxe1 Re8 18. g4 Rxe1+ 19. Qxe1 h6 20. h3 $14 {Dlugy,M-Miles,A/
USA (ch) 1989}) 6... Be7 7. Be3 O-O 8. h3 Bh5 9. Nd2 (9. d5 $5) 9... Bxe2 10.
Qxe2 (10. Nxe2 $5 d5 11. e5 Nd7 12. f4 f5 13. exf6 Nxf6 $11) 10... d5 {Nach
dem Tausch der weißfeldrigen Läufer strebt Minasian die "französische"
Bauernstruktur an, ein typischer Plan für diese Stellungsart.} 11. e5 Nd7 12.
f4 (12. a3 $2 Nxd4 13. Bxd4 c5 14. Be3 d4 $15) 12... Nb4 $1 13. Nf3 c5 $11 {
Minasians Eröffnungsstrategie zahlte sich aus, Schwarz bekam eine
ausgeglichene und leicht zu spielende Stellung.} 14. Nd1 (14. dxc5 Nxc5 $11)
14... cxd4 15. Nxd4 Bc5 16. Nf2 Qb6 17. c3 Nc6 18. Rad1 Rae8 19. a3 f6 20. b4 (
20. exf6 Nxf6 $11) 20... Bxd4 21. cxd4 Ne7 22. Nd3 fxe5 (22... Qa6 $5 $11) 23.
dxe5 (23. fxe5 Nf5 $11) 23... d4 {Dieser Bauer ist dem Tode geweiht, aber
dafür bekommt der schwarze Springer das prächtige Feld d5.} 24. Bf2 (24. Bxd4
Qxd4+ 25. Nf2 Qxf4 26. Rxd7 Nf5 $13) 24... Nd5 25. Qd2 Rc8 26. Rde1 Rc3 27. Re4
Qa6 28. Rxd4 Rxa3 29. Rc1 Ra1 30. Kh2 Rxc1 31. Qxc1 Qa2 32. Qc4 Qxc4 33. Rxc4
a6 34. g3 g5 $15 35. Kg2 gxf4 36. gxf4 Nb8 37. Kg3 Kf7 38. Kf3 Nc6 39. Ke4 Ke8
40. Rc1 Rf7 {In dieser etwas schlechteren Stellung scheint Weiß nach Zeit
verloren zu haben.} 0-1

[Event "GER-ch 76th"]
[Site "Altenkirchen"]
[Date "2005.02.19"]
[Round "2"]
[White "Luther, Thomas"]
[Black "Scherer, Max"]
[Result "1-0"]
[WhiteElo "2543"]
[BlackElo "2325"]
[Annotator "Erenburg,S"]
[PlyCount "75"]
[EventDate "2005.02.18"]
[EventType "swiss"]
[EventRounds "9"]
[EventCountry "GER"]
[SourceTitle "CBM 106"]
[Source "ChessBase"]
[SourceDate "2005.06.06"]
[SourceVersion "1"]
[SourceVersionDate "2005.06.06"]
[SourceQuality "1"]

1. e4 e6 2. d4 b6 3. Bd3 Bb7 4. Ne2 $5 {White chose to develop his kingside
knight to e2, in order to have an option of f2-f4.} c5 5. c3 {Another logical
continuation is} (5. O-O d6 6. c4 Be7 7. d5 exd5 8. cxd5 Nf6 9. Ng3 O-O 10. Nf5
Ne8 11. Nxe7+ Qxe7 12. Nc3 Nc7 13. Re1 Re8 14. Bd2 $14 {1-0 Shaposhnikov,
E-Voloshin,L/Pardubice 2002/CBM 089 ext (64)}) 5... Nf6 6. Nd2 Nc6 {Black has
the following alternatives:} (6... d6 7. O-O Be7 8. a3 O-O 9. Ng3 cxd4 10. cxd4
Ba6 11. Bxa6 Nxa6 12. b4 Qd7 $11 {1-0 Shabanov,Y-Turikov,V/Tula 2004/EXT 2005 
(41)}) (6... cxd4 7. cxd4 Nc6 8. a3 Be7 9. O-O O-O 10. b4 d6 11. Bb2 Rc8 12.
Ng3 Nd7 13. f4 g6 14. Qg4 Nf6 15. Qh3 $14 {1-0 Ermenkov,E-Sahovic,D/Jurmala
1978/EXT 99 (28)}) (6... d5 7. e5 Nfd7 8. O-O g6 9. Nf3 Be7 10. Bh6 Ba6 11. c4
Bxc4 12. Bxc4 dxc4 13. d5 Bf8 14. Bg5 Be7 15. Bxe7 Qxe7 16. d6 $16 {1-0
Poluljahov,A-Shevchenko,S/Polanica Zdroj 1999/EXT 2000 (30)}) 7. O-O (7. a3 d6
8. O-O g6 9. h3 Bg7 10. b4 O-O 11. Rb1 Ne7 12. Re1 cxd4 13. cxd4 Qd7 14. Nc3
Rac8 15. Bb2 $14 {1/2-1/2 Marjanovic,S-Sahovic,D/Bled 1979/MCL (43)}) 7... Qc7
8. a3 h5 $6 $146 {It is an unsuccessful novelty, as it weakens the g5 square.
In the previous game black tried:} (8... g6 9. e5 Nh5 10. Ne4 Be7 11. b4 c4 12.
Bb1 O-O-O 13. N2g3 f5 14. exf6 Nxf6 15. Nxf6 Bxf6 16. Ne4 Be7 17. Bh6 Bd6 18.
Nxd6+ Qxd6 19. Re1 Ne7 20. Bg7 Rhg8 21. Be5 $16 {1-0 Beliavsky,A-Basman,M/
Hastings 1974/EXT 99 (58)}) 9. Nf3 d6 10. Bg5 {White occupied the g5 square,
that black has "presented" him...} Be7 11. Qa4 $5 {threatening with the
capture on f6 with following d4-d5. In this way, white tries to force black to
define the position of his monarch.} a6 12. Rfe1 b5 13. Qd1 {White achieved
his goal- he provoked black to push forward his queenside pawns, that makes
almost impossible for black to castle.} c4 14. Bc2 a5 $6 {Black tries to
develop a counterplay on the queenside. But, his king is still in the centre...
} ({Probably, better is} 14... Ng4 15. Bxe7 (15. d5 Nce5 16. Ned4 (16. Bxe7 $6
Nxf3+ 17. gxf3 Ne5) 16... Nxf3+ 17. Nxf3 Bxg5 18. Nxg5 Qe7 $13) 15... Qxe7 16.
Nf4 $14) 15. d5 $1 {White opens up the game, as black's monarch is vulnerable
in the centre.} exd5 $6 {It is a bit strange the "e" file, when the king is
still in the centre...} ({But, after} 15... Ne5 {white's advantage is quite
obvious as well:} 16. Ned4 $1 (16. Nfd4 {[%cal Yd5e6,Gd4b5,Gd4e6,Yf2f4]} exd5
17. Nxb5 Qb6 18. Bxf6 Bxf6 19. exd5 O-O 20. Ned4 g6 $13) 16... Nxf3+ 17. Qxf3
Qd7 18. Qg3 $16) 16. exd5 Nxd5 $2 {losing the piece...} ({Better was} 16... Ne5
17. Ned4 Nxf3+ 18. Qxf3 Bxd5 19. Qe2 $16 {/+-}) 17. Qxd5 Ne5 18. Qd2 $1 {
from this square white protects the dark-squared bishop.} Bxf3 19. Nd4 $5 {
opening the "e" file for the rook.} ({Strong enough as well:} 19. Bxe7 Kxe7 (
19... Bxe2 20. Bxd6 $18) (19... Qxe7 20. Nd4 Bg4 21. f4 {-leads to the game.})
20. Nd4 Bb7 21. f4 $18) 19... Bg4 ({In case of} 19... f6 20. gxf3 fxg5 {
white wins with a nice combination:} 21. Rxe5 $1 dxe5 22. Bg6+ {[%cal Yd4e6]}
Kd7 23. Nxb5+ $18) 20. Bxe7 Qxe7 21. f4 {Fiasko of black's opening strategy.
He is going to lose a knight...} O-O-O 22. fxe5 dxe5 23. Qe3 Rd5 24. Be4 $18 {
White is a piece up, without any compensation from the black's side... The
rest is a matter of an easy technique.} Rc5 (24... exd4 {loses in view of} 25.
Bf5+ $18) 25. b4 (25. a4 $18 {[%cal Yd4b5] also wins.}) 25... cxb3 26. Nxb3 Rc7
27. Nxa5 Rh6 28. Rab1 Bd7 29. c4 $1 {opening the files for the heavy rooks.}
Ra6 30. Bb7+ Rxb7 31. Nxb7 Kxb7 32. Qxe5 Qxa3 ({Doesn't change anything:} 32...
Qxe5 33. Rxe5 Rxa3 34. Re7 $18) 33. Qd5+ Kc7 34. cxb5 Rd6 35. Rbc1+ Kb6 36. Qc4
Bxb5 37. Qc7+ Ka6 38. Ra1 {winning a queen.} 1-0

[Event "Biel"]
[Site "Biel"]
[Date "1994.??.??"]
[Round "11"]
[White "Wahls, Matthias"]
[Black "Forster, Richard"]
[Result "0-1"]
[WhiteElo "2540"]
[BlackElo "2380"]
[Annotator "Ernst,T"]
[PlyCount "74"]
[EventDate "1994.07.??"]
[EventType "tourn"]
[EventRounds "11"]
[EventCountry "SUI"]
[EventCategory "10"]
[SourceTitle "CBM 043"]
[Source "ChessBase"]
[SourceDate "1994.12.01"]
[SourceVersion "1"]
[SourceVersionDate "1994.12.01"]
[SourceQuality "1"]

1. e4 e6 2. d4 b6 3. Nf3 Bb7 4. Bd3 c5 5. c3 Nf6 6. Qe2 Be7 7. O-O Nc6 (7... d5
8. e5 Nfd7 9. a3 a5 $6 10. a4 Ba6 11. Na3 $1 $14 {Matulovic-Sahovic/Bled/1984/}
) 8. a3 (8. Nbd2 cxd4 9. cxd4 Nb4 10. Bc4 O-O 11. e5 Nfd5 12. Ne4 f5 13. Nd6
Bxd6 14. exd6 $16 {Weideman,J-Podzielny,K/BL/1982/}) 8... Na5 (8... d6 9. b4
Qc7 10. Nbd2 e5 11. bxc5 bxc5 {Farago-Szabo/24-162/1977/} 12. d5 $14) (8... Rc8
9. Nbd2 O-O 10. Re1 d6 11. b4 Rc7 12. Bb2 Qa8 13. Rac1 $16 {Gruenberg,
Ra-Strobel,W/BL/1985/}) 9. Nbd2 c4 10. Bc2 Qc7 11. h3 (11. Ne5 b5 12. f4 O-O
13. Ng4 Nxg4 14. Qxg4 Nb3 15. Rb1 Nxd2 16. Bxd2 Bxe4 17. Bxe4 f5 $10 {Georgiev,
K-Miles,A/Biel/1992/}) 11... O-O 12. Nh2 Qc6 13. Re1 b5 14. Rb1 Rae8 15. Ndf3 (
15. f3 Nh5 16. Ndf1 f5 $13) 15... Nb3 16. Bg5 a5 17. Ne5 Qc7 18. Bxb3 cxb3 19.
Qxb5 Nxe4 20. Bxe7 Rxe7 21. f3 f6 22. Nd3 Bc6 23. Qh5 g6 24. Qh6 Nd6 $15 25.
Ng4 Nc4 26. Nf4 Qd6 27. Nd3 e5 $1 28. dxe5 fxe5 (28... Qxd3 29. Nxf6+ $18) 29.
Rbd1 e4 30. Qh4 g5 $1 31. Qxg5+ Rg7 32. Qc5 Qxc5+ 33. Nxc5 exf3 34. Ne4 (34.
Nxb3 Rxg4 35. hxg4 f2+ $19) 34... h5 35. Ngf2 d5 $19 36. Nc5 Rxg2+ 37. Kf1 Bb5
0-1

[Event "Moscow B"]
[Site "Moscow"]
[Date "1994.??.??"]
[Round "4"]
[White "Kazhgaleyev, Murtas"]
[Black "Vlassov, Nikolai"]
[Result "1-0"]
[WhiteElo "2335"]
[BlackElo "2390"]
[Annotator "Ernst,T"]
[PlyCount "181"]
[EventDate "1994.??.??"]
[EventType "tourn"]
[EventRounds "11"]
[EventCountry "RUS"]
[EventCategory "7"]
[SourceTitle "CBM 041"]
[Source "ChessBase"]
[SourceDate "1994.08.01"]
[SourceVersion "1"]
[SourceVersionDate "1994.08.01"]
[SourceQuality "1"]

1. e4 Nc6 2. d4 e5 3. dxe5 Nxe5 4. Nc3 (4. Nf3 Bb4+ 5. c3 Bd6 6. Nbd2 Nxf3+ 7.
Nxf3 Ne7 $14 {Kudrin-Miles/USA(ch)/1989/}) 4... Bc5 5. Bf4 (5. f4 Nc6 6. Bc4 d6
7. Nf3 Be6 8. Bxe6 fxe6 9. Na4 Bb6 10. Nxb6 axb6 $13 {Akopian,V-Miles,A/Moskva
GMA/1990/}) 5... d6 (5... Ng6 6. Bg3 d6 7. Nf3 (7. h4 h5 8. Qd2 Nf6 9. O-O-O
Qe7 10. Nd5 $14 {Dolmatov,S-Gulko,B/Hastings/1989/}) 7... Nf6 8. Bc4 O-O 9. Qd3
$14 {Kopp,B-Kaulfuss,H/Hessen/1990/}) 6. Qd2 Be6 (6... Ne7 7. O-O-O Be6 8. Na4
$14 {Ulibin,M-Danailov,S/Ibercaja op/1992/}) 7. h4 a6 8. h5 f6 9. Nd5 c6 10.
Ne3 Qb6 11. c3 a5 (11... Ne7 12. b4 $16) 12. Nf3 O-O-O 13. Nd4 Bf7 14. Bg3 Nh6
15. Be2 Rhe8 16. O-O g6 17. Nec2 $1 g5 (17... Ng8 18. b4 axb4 19. cxb4 Bxd4 20.
Nxd4 $14) 18. b4 axb4 19. cxb4 Bxd4 20. Qxd4 Qxd4 21. Nxd4 d5 22. f4 gxf4 23.
Bxf4 Ng8 (23... dxe4 24. Nxc6 Nxc6 25. Bxh6 $14) 24. exd5 Bxd5 25. Rfd1 Ne7 26.
b5 $1 c5 27. Nc2 Nf5 28. Rac1 b6 29. a4 Rg8 30. Bxe5 fxe5 (30... Rxg2+ $5 31.
Kf1 fxe5 32. Rxd5 $1 Rdg8 $1 $16) 31. Rxd5 $1 Rxd5 32. Bc4 Rgd8 33. Bxd5 Rxd5
34. Rf1 e4 35. g4 Nd6 36. Ne3 Rd3 37. Kf2 Ra3 38. Rd1 Kc7 39. Nd5+ Kb7 40. Ne3
(40. Nxb6 $6 Nxb5 $1 $15) 40... Kc7 41. g5 Ra2+ (41... Rxa4 42. g6 hxg6 43.
hxg6 Ra8 44. Nd5+ Kb7 45. Nf6 Nf5 46. g7 Nxg7 47. Rd7+ Kc8 48. Rxg7 Ra5 49.
Nxe4 $18) 42. Kg3 Re2 43. Kf4 Rf2+ 44. Kg4 Re2 45. Nd5+ Kd7 46. Nf4 (46. Nxb6+
Ke6 $13) 46... Ra2 47. h6 $1 Rxa4 48. g6 hxg6 49. h7 Ra8 50. Nxg6 Kc7 51. Ra1 (
51. h8=Q Rxh8 52. Nxh8 Nxb5 53. Ng6 $16) 51... Rxa1 52. h8=Q Rg1+ 53. Kf4 Rf1+
54. Ke3 Rf3+ 55. Ke2 Nxb5 56. Qe5+ Nd6 57. Qe7+ Kc6 58. Ne5+ Kd5 59. Nxf3 exf3+
60. Kxf3 $18 c4 61. Kf4 Nb5 62. Qe5+ Kc6 63. Ke4 Nd6+ 64. Kd4 Nb5+ 65. Kxc4
Nd6+ 66. Kb4 Kd7 67. Qc3 Ne8 68. Qd4+ Kc7 69. Qc4+ Kd6 70. Kb5 Nc7+ 71. Kxb6
Nd5+ 72. Ka5 Ke5 73. Kb5 Ne3 74. Qf7 Ke4 75. Kc5 Ke5 76. Qe8+ Kf4 77. Kd4 Nf5+
78. Kd3 Kg5 79. Qe5 Kg4 80. Ke4 Ng3+ 81. Ke3 Nf5+ 82. Kf2 Nh4 83. Qg3+ Kh5 84.
Qf4 Ng6 85. Qf5+ Kh6 86. Kg3 Kg7 87. Kg4 Ne7 88. Qe6 Ng6 89. Kg5 Nf8 90. Qe7+
Kg8 91. Kh6 1-0

[Event "RUS-chT 12th"]
[Site "Sochi"]
[Date "2005.04.25"]
[Round "7"]
[White "Morozevich, Alexander"]
[Black "Chernyshov, Konstantin"]
[Result "1-0"]
[WhiteElo "2717"]
[BlackElo "2531"]
[Annotator "Finkel,A"]
[PlyCount "81"]
[EventDate "2005.04.19"]
[EventType "team-tourn"]
[EventRounds "11"]
[EventCountry "RUS"]
[SourceTitle "EXT 2020"]
[Source "ChessBase"]
[SourceDate "2019.10.17"]
[SourceVersion "1"]
[SourceVersionDate "2019.10.17"]
[SourceQuality "1"]
[WhiteTeam "Tomsk 400"]
[BlackTeam "Voronezh Red October"]
[WhiteTeamCountry "RUS"]
[BlackTeamCountry "RUS"]

1. e4 e6 2. d4 b6 $6 {Chernyshov is known for his affection to the odd opening
lines, however it's hardly a good idea to use this line against Morozevich!} 3.
Nf3 Bb7 4. Bd3 Nf6 5. e5 Ne4 (5... Nd5 6. O-O c5 7. c4 Nb4 8. Be2 cxd4 9. Nxd4
N8c6 10. Nf3 d6 11. Bg5 Qb8 12. a3 Na6 13. b4 $14 {Nanu,C-Sasu Ducsoara,A/
Bucharest 2002}) 6. O-O (6. Qe2 d5 7. Nbd2 Nxd2 8. Bxd2 Be7 9. c3 c5 10. O-O
Nc6 11. Rac1 Rc8 12. Rfe1 Rc7 13. Qe3 $14 {Calneggia,A-Bazan,O/La Falda 1977})
6... f5 (6... Be7 7. c4 d5 8. cxd5 exd5 9. Re1 Nd7 10. Nc3 Nxc3 11. bxc3 Nf8
12. Nd2 Ne6 13. Nf1 g6 14. f4 $14 {Wells,P-Blatny,P/Pulvermuehle 2000}) 7. Bxe4
$5 Bxe4 8. c4 Nc6 (8... Bxf3 9. Qxf3 Nc6 10. Rd1 Be7 11. Bf4 O-O 12. d5 exd5
13. cxd5 Na5 14. Nc3 $16) 9. Ng5 $5 Bxb1 10. Rxb1 Be7 11. Nf3 {[%cal Gd4d5]} d5
12. exd6 Qxd6 13. b4 Rd8 (13... Nxb4 $2 14. Qa4+ Kf8 (14... c6 15. Ba3 $18) 15.
Ba3 c5 16. Rfd1 Qc7 17. dxc5 bxc5 18. Rd7 $16) 14. Bb2 Bf6 $6 {Missing an
opportunity to get counterchances after} (14... Nxb4 $5 15. Qb3 c5 (15... Nc6
16. Rfe1 O-O 17. c5 Qd5 18. Rxe6 $16 {[%csl Rc6,Re7]}) 16. dxc5 Qxc5 17. Bxg7
Rg8 18. Bc3 Nd3 $13 {and the position remains unclear.}) 15. Qa4 O-O 16. Rfd1
a6 $6 (16... Nxb4 $5 17. c5 bxc5 18. dxc5 Qf4 (18... Qxc5 19. Rdc1 Qd5 20. Bxf6
$18) 19. Bxf6 gxf6 20. Rd7 Rxd7 21. Qxd7 Qe4 22. Re1 Qd5 $13) 17. a3 $14 Nb8 (
17... Ra8 18. h3) 18. Re1 Rfe8 19. Rbd1 c6 20. Qc2 b5 21. c5 Qc7 22. d5 $5 Rxd5
(22... Bxb2 23. d6) (22... cxd5 23. Bxf6 gxf6 24. Nd4 Qc8 25. c6 Re7 26. Rc1
$18 {[%cal Gc6c7]}) 23. Rxd5 cxd5 24. Bxf6 gxf6 25. Nd4 Qc8 $2 (25... Nc6 26.
Nxf5 (26. Nxe6 $4 Nd4 $19 {[%cal Ge8e1]}) 26... Qf4 27. Nd6 Re7 28. Re3 Ne5 $13
) 26. c6 e5 $6 (26... Qc7 $8) 27. c7 $18 f4 (27... exd4 28. Rxe8+ Qxe8 29. c8=Q
$18) 28. cxb8=Q Qxb8 29. Qc6 Qd8 30. Ne6 Qc8 31. Nc7 Rd8 32. Rc1 Kf7 33. f3 d4
34. Qxa6 d3 35. Qxb5 d2 36. Qc4+ Kg6 37. Rd1 Rd7 38. Qe4+ Kh6 39. Qf5 Qxc7 40.
Qxf6+ Kh5 41. g4+ 1-0

[Event "Minneapolis HB Global op"]
[Site "Minneapolis"]
[Date "2005.05.19"]
[Round "3"]
[White "Sadvakasov, Darmen"]
[Black "Gonzales, Jayson"]
[Result "1-0"]
[WhiteElo "2605"]
[BlackElo "2474"]
[Annotator "Finkel,A"]
[PlyCount "115"]
[EventDate "2005.05.18"]
[EventType "swiss"]
[EventRounds "9"]
[EventCountry "USA"]
[SourceTitle "CBM 107"]
[Source "ChessBase"]
[SourceDate "2005.08.01"]
[SourceVersion "1"]
[SourceVersionDate "2005.08.01"]
[SourceQuality "1"]

1. e4 Nc6 2. Nf3 d6 3. d4 Nf6 4. Nc3 Bg4 5. Bb5 a6 6. Bxc6+ bxc6 7. Qd3 e6 8.
O-O {More popular is 8.Bg5, which poses black more problems than the move in
the game.} (8. Bg5 Be7 9. Nd2 $5 (9. O-O h6 (9... Bxf3 10. Qxf3 d5 11. Rad1 O-O
12. Bxf6 Bxf6 13. Na4 Be7 14. e5 Qb8 15. Qe3 Qb4 16. b3 $14 {Voloshin,
L-Kaganski,M/Czestochowa 1992}) 10. Bxf6 Bxf6 11. e5 Be7 12. Qe4 Bxf3 13. Qxf3
d5 14. Na4 Qb8 15. c4 O-O $13 {Krnic,I-Mohr,G/Portoroz 1996}) 9... h6 10. Bh4
Bh5 11. Qc4 Qd7 12. e5 Nd5 13. Bxe7 Kxe7 14. Nb3 Rhb8 15. Na5 $14 {Haba,
P-Przewoznik,J/Wuerzburg 1992}) (8. Bf4 Be7 9. Nd2 Bh5 10. f3 Qb8 11. O-O-O Bg6
12. g4 h5 13. g5 Nd5 14. Nxd5 cxd5 15. Qc3 Qb7 $132 {Carvalho,H-Woodhams,M/
Buenos Aires 1978}) (8. Nd2 d5 9. f3 Bh5 10. Nb3 Bg6 11. Bg5 a5 12. Na4 Qb8 13.
Nbc5 Nd7 14. Nxd7 Kxd7 15. b3 Qb5 $132 {Haba,P-Rogers,I/Prague 1990}) (8. e5
Nd5 9. a3 Nxc3 10. Qxc3 Qd7 11. Bg5 h6 12. Bh4 Bxf3 13. Qxf3 dxe5 14. dxe5 Qd5
15. Qc3 $1 $36 {McDonald,N-Thoma,R/Budapest 1995}) 8... Bh5 (8... Be7 9. Ne2 (
9. Ne1 O-O 10. Bg5 h6 11. Be3 d5 12. f3 Bh5 13. Bf2 Qb8 14. Rb1 Bg6 15. Qe2 Qb7
16. e5 Nd7 17. Nd3 Bxd3 18. Qxd3 c5 $13 {Jensen,T-Berger,M/IECC email 1997})
9... d5 10. e5 Nd7 11. Ng3 c5 12. Nd2 h5 13. f3 h4 14. fxg4 hxg3 15. Qxg3 cxd4
$13 {Aung Myo Hlaing-Ng Ee Vern/Genting Highlands 1998}) 9. d5 $5 {Interesting
idea, however it's insufficient for more than equality.} cxd5 10. exd5 e5 $6 (
10... Be7 11. Nd4 (11. dxe6 fxe6 12. Ng5 Qd7 13. Qe3 e5 14. f4 exf4 15. Qxf4
O-O $15) 11... Bg6 12. Qc4 c5 (12... exd5 13. Nxd5 Nxd5 14. Qc6+ Kf8 15. Qxd5
$14) 13. dxc6 Qc7 14. Be3 O-O $13) 11. Nh4 Be7 (11... Qd7 $6 12. f4 $16 {
[%cal Gf1e1]}) (11... Nd7 12. Nf5 Bg6 13. f4 Nc5 14. Qe3 $1 Bxf5 15. fxe5 dxe5
16. Qxe5+ Be6 17. dxe6 Nxe6 18. Be3 $14) 12. Nf5 Bg6 (12... O-O 13. f4 exf4 14.
Bxf4 Bg6 15. Rae1 Re8 16. Bg5 $14) 13. Nxg7+ $2 {[%csl Rg7] A brave, but wrong
decision. The knight is trapped on g7 so white has to be very creative to get
counterchances.} (13. f4 $1 $14) 13... Kf8 14. Nf5 Qd7 15. Bh6+ Ke8 16. Ng7+
Kd8 17. Qc4 Ng4 $6 {[%csl Rg4] Falling into the trap. After correct} (17... Rg8
$1 18. Rae1 (18. f4 Ng4 19. fxe5 Nxh6 20. e6 fxe6 21. dxe6 Qc8 22. Qd4 Qb7 $17)
18... Kc8 {[%cal Gf6g4,Ge7f8]} 19. f4 Ng4 20. fxe5 Nxh6 21. e6 fxe6 22. dxe6
Qd8 $17 {White's initiative is insufficient to compensate the sacrificed piece.
}) 18. Bd2 Rg8 19. Ne6+ $1 $16 fxe6 20. dxe6 Qc8 21. Qxg4 Bf7 22. Qe4 Bxe6 23.
f4 Bf5 24. Qd5 (24. Qe2 $5) 24... Be6 25. Qf3 Bg4 26. Qe3 Bh3 27. Rf2 exf4 28.
Qxf4 Qb7 29. Qe4 $6 {It's very difficult to win the game after trading the
queens, so it was better to play} (29. Ne4 Qxb2 30. Bc3 Qb6 31. Kh1 Be6 32. Bf6
$40 {[%csl Rd8]}) 29... Qxe4 30. Nxe4 Kd7 $14 31. Ng3 Be6 32. Nh5 Raf8 33. b3
Rxf2 34. Kxf2 Bh4+ 35. g3 Rf8+ 36. Nf4 Bg5 37. Re1 Bf5 38. c4 h5 (38... Kc6)
39. Be3 Bg4 40. Rc1 h4 41. c5 hxg3+ 42. Kxg3 Bf5 43. Ne6 $5 Bxe6 44. Bxg5 Rf5
$6 (44... dxc5 $1 45. Rxc5 Rf5 46. Rxf5 Bxf5 47. h4 (47. Be3 Kc6 48. b4 Kb5 49.
a3 a5 $11) 47... Bb1 48. a3 c5 49. h5 Bc2 50. h6 Ke6 51. Be3 Kf6 $11) 45. c6+
Ke8 46. h4 Rc5 47. Rxc5 dxc5 48. Bf4 c4 (48... Kd8 49. h5 c4 50. h6 $18) (48...
a5 49. Bxc7 c4 50. Bxa5 cxb3 51. axb3 Bxb3 52. h5 $18) 49. b4 c3 50. Bxc7 Bd5
51. h5 Bxc6 52. h6 Be4 53. Be5 c2 54. Bb2 a5 (54... Kf7 55. Kf4 Bc6 56. Ke5 Kg6
57. Bc1 $18 {[%cal Ge5b6]}) 55. Kf4 Bh7 56. b5 a4 57. Ke5 Kd7 58. Kd5 {[%cal
Gd5a4]} 1-0

[Event "Stepanakert-B"]
[Site "Stepanakert"]
[Date "2005.10.10"]
[Round "8"]
[White "Sveshnikov, Evgeny"]
[Black "Chibukhchian, Artur"]
[Result "0-1"]
[WhiteElo "2507"]
[BlackElo "2397"]
[Annotator "Finkel,A"]
[PlyCount "90"]
[EventDate "2005.10.02"]
[EventType "tourn"]
[EventRounds "9"]
[EventCountry "ARM"]
[EventCategory "11"]
[SourceTitle "CBM 110"]
[Source "ChessBase"]
[SourceDate "2006.01.31"]
[SourceVersion "1"]
[SourceVersionDate "2006.01.31"]
[SourceQuality "1"]

1. e4 Nc6 {The Nimzovitch defense isn't an opening we see too often on the
high level, but it's not so easy for White to get an opening advantage if he
isn't properly prepared!} 2. Nf3 d6 3. d4 Nf6 4. Nc3 Bg4 5. Be3 e6 6. h3 Bh5 7.
Bb5 ({In my opinion more promising for white is} 7. d5 $5) 7... a6 8. Bxc6+
bxc6 9. Qd3 {The most ambitious plan in the position leading to a very sharp
play.} (9. g4 Bg6 10. Nd2 d5 11. e5 Nd7 12. Nb3 h5 13. Rf1 Qh4 14. g5 $2 Qxh3
15. Qd2 Qf3 16. Ne2 Qf5 $17 {Jukic,B-Klinger,J/Vienna 1991}) 9... Be7 10. O-O-O
O-O 11. Bg5 ({It's too early for} 11. g4 $6 Bg6 12. Nh4 {[%csl Rh4] as Black
can react with the typical} Bxe4 13. Nxe4 Nxe4 14. Qxe4 Bxh4 15. Qxc6 Rb8 $15)
11... d5 12. Bxf6 $1 ({Not so clear was} 12. e5 Nd7 13. Bxe7 Qxe7 14. g4 Bg6
15. Qe3 Rab8 16. h4 Qb4 17. b3 Qa3+ 18. Kb1 Nb6 $13 {[%csl Rb3][%cal Ga6a4,
Gb6c4] and Black has excellent counterchances on the queenside.}) 12... Bxf6
13. Qe3 Rb8 14. g4 Bg6 15. h4 {White's initiative on the kingside is becoming
very menacing so Black is trying to open up the position at the cost of an
exchange.} c5 $5 16. e5 (16. g5 $143 $6 cxd4 17. Nxd4 Bxd4 18. Qxd4 Bh5 19. Rd2
c6 $15) 16... cxd4 17. Nxd4 c5 18. Nc6 Qb6 19. Nxb8 Rxb8 20. Na4 $2 {Thus far
White was playing very well achieving a significant advantage, but this move
throws away everything which has been achieved. It was much better to opt for}
(20. b3 $1 d4 21. Qg3 dxc3 $1 (21... Be7 22. h5 Bxc2 23. Kxc2 dxc3 24. Qxc3 $16
) 22. exf6 Qb4 23. Kb1 c4 24. Rd4 $8 {even though Black keeps serious
attacking chances after} Bxc2+ 25. Kxc2 cxb3+ 26. axb3 Qxb3+ {but White's king
seems to escape after} 27. Kd3 $16) 20... Qb4 {Now Black has full compensation
for the exchange.} 21. b3 $6 {Another inaccuracy after which White is in
serious troubles.} (21. exf6 $1 Qxa4 22. Qxc5 Qxa2 23. Qa3 Qc4 24. Qc3 $13)
21... Qa3+ 22. Kd2 Be7 $40 {[%csl Ra4,Rd2]} 23. Qc3 Be4 $1 {[%cal Gd5d4,Ge4c6]}
24. Rh3 (24. f3 d4 25. Qb2 Qb4+ 26. c3 dxc3+ 27. Qxc3 Bxf3 $19) 24... d4 25.
Qc4 (25. Qb2 $2 Qxa4 $19 {[%csl Rb2]}) 25... Rb5 26. Ke1 (26. Qe2 Bc6 27. Ke1
Ra5 $17) 26... Qxa2 27. Nc3 $6 {Losing on the spot, but it's hard to give
White a good advice.} Qa5 $1 28. Ke2 Bc6 $19 29. Rxd4 (29. Nb1 Rb4 30. Qd3 Bb5)
29... cxd4 30. Qxc6 dxc3 31. Rxc3 Rxe5+ {The rest is of minor interest as
Black is just a piece up!} 32. Kf3 Qd5+ 33. Kf4 g5+ 34. hxg5 Qxc6 35. Rxc6 Rc5
36. Rxa6 Bxg5+ 37. Ke4 Rxc2 38. f4 Be7 39. f5 exf5+ 40. gxf5 Kg7 41. Rb6 h5 42.
Ke5 Bf6+ 43. Kf4 Rf2+ 44. Ke4 h4 45. Rd6 h3 0-1